Propuesta para la aplicación de una metodología de desarrollo e implementación de software en la División de Informática y Sistemas de la Dirección General de Ingresos
Presenta una metodología dirigida a la gestión eficiente de proyectos de desarrollo e implementación de software en la División de Informática y Sistemas de la Dirección General de Ingresos. Se efectuó un diagnóstico previo de los procesos de negocios involucrados para identificar las princi...
| Main Author: | |
|---|---|
| Other Authors: | |
| Format: | Tesis Section = Libro |
| Language: | Undetermined Spanish |
| Published: |
Managua
UNI
2017
|
| Subjects: |
| LEADER | 01450nam a2200277Ia 4500 | ||
|---|---|---|---|
| 008 | 240830s9999 xx 000 0 und d | ||
| 040 | |a BIBLIOTECA-RUSB/ M.Mon 005.1 A454 | ||
| 041 | |a spa | ||
| 082 | |a M.Mon 005.1 A454 | ||
| 100 | 1 | |a Alonso González, Gabriel Ernesto | |
| 245 | 1 | 0 | |a Propuesta para la aplicación de una metodología de desarrollo e implementación de software en la División de Informática y Sistemas de la Dirección General de Ingresos |
| 260 | |a Managua |b UNI |c 2017 | ||
| 300 | |a 115 p. :il. | ||
| 500 | |a Contiene: anexos e Incluye: CD. | ||
| 502 | |a Tesis (Máster en Informática Empresarial) - UNI, 2017. | ||
| 520 | 3 | |a Presenta una metodología dirigida a la gestión eficiente de proyectos de desarrollo e implementación de software en la División de Informática y Sistemas de la Dirección General de Ingresos. Se efectuó un diagnóstico previo de los procesos de negocios involucrados para identificar las principales debilidades y oportunidades según el dominio del problema así como realizar un modelado de los procesos de negocios basado en la metodología BPM. | |
| 650 | 7 | |a INGENIERIA DE SOFTWARE | |
| 650 | 7 | |b DESARROLLO DE SOFTWARE | |
| 650 | 7 | |c INTELIGENCIA DE NEGOCIOS | |
| 650 | 7 | |d REINGENIERIA DE PROCESOS-ADMINISTRACION | |
| 650 | 7 | |e BASES DE DATOS | |
| 650 | 7 | |f INFORMATICA | |
| 700 | 1 | |a Tutor: |b Ordoñez, Juan Bosco | |
| 942 | |c BK |2 ddc | ||
| 991 | |a TESIS | ||
| 999 | |c 19220 | ||